000 00389nam a22001697a 4500
003 SGT
020 _a9789389188974
082 _a616.0757
_bI20K
100 _aKESAVAN, TM ANANDA
245 _aIAP TB. OF PEDIATRICS RADIOLOGY
250 _a2ND
260 _aINDIA
_bJAYPEE PUB
_c2020
300 _a217
650 _aRADIOLOGY
653 _aIAP PEDIATRICS RADIOLOGY
942 _2ddc
_cBK
999 _c25428
_d25428